书目信息 |
| 题名: |
市场调查与预测
|
|
| 作者: | 丁洪福 , 战颂 主编 | |
| 分册: | ||
| 出版信息: | 大连 东北财经大学出版社 2021.3 |
|
| 页数: | 311页 | |
| 开本: | 26cm | |
| 丛书名: | ||
| 单 册: | ||
| 中图分类: | F713.52 | |
| 科图分类: | ||
| 主题词: | 市场调查--shi chang tiao cha--高等学校--教材 , 市场预测--shi chang yu ce--高等学校--教材 | |
| 电子资源: | ||
| ISBN: | 978-7-5654-4132-5 | |
| 000 | 01098nam0 2200289 450 | |
| 001 | 2161474031 | |
| 005 | 20211003084000.91 | |
| 010 | @a978-7-5654-4132-5@dCNY45.00 | |
| 100 | @a20210411d2021 em y0chiy0120 ea | |
| 101 | 0 | @achi |
| 102 | @aCN@b210000 | |
| 105 | @aa z 000yy | |
| 106 | @ar | |
| 200 | 1 | @a市场调查与预测@Ashi chang tiao cha yu yu ce@dMarket research and forecast@f丁洪福,战颂主编@zeng |
| 205 | @a3版 | |
| 210 | @a大连@c东北财经大学出版社@d2021.3 | |
| 215 | @a311页@c图@d26cm | |
| 300 | @a21世纪高等院校公共课精品教材 | |
| 330 | @a本书共十一章,内容包括:导论、市场调查基本原理、市场调查方式、市场调查方法、抽样设计、市场调查问卷的设计、市场调查资料的处理与分析、市场预测概论、定性预测方法、回归预测法、时间序列预测法等。 | |
| 510 | 1 | @aMarket research and forecast@zeng |
| 606 | 0 | @a市场调查@Ashi chang tiao cha@x高等学校@j教材 |
| 606 | 0 | @a市场预测@Ashi chang yu ce@x高等学校@j教材 |
| 690 | @aF713.52@v5 | |
| 701 | 0 | @a丁洪福@Ading hong fu@4主编 |
| 701 | 0 | @a战颂@Azhan song@4主编 |
| 801 | 0 | @aCN@b百万庄@c20210929 |
| 905 | @b1303074-77@dF713.52@e1173=3@f4 | |
| 市场调查与预测=Market research and forecast/丁洪福,战颂主编.-3版.-大连:东北财经大学出版社,2021.3 |
| 311页:图;26cm |
| 21世纪高等院校公共课精品教材 |
| ISBN 978-7-5654-4132-5:CNY45.00 |
| 本书共十一章,内容包括:导论、市场调查基本原理、市场调查方式、市场调查方法、抽样设计、市场调查问卷的设计、市场调查资料的处理与分析、市场预测概论、定性预测方法、回归预测法、时间序列预测法等。 |
| ● |
| 相关链接 |
|
|
|
|
正题名:市场调查与预测
索取号:F713.52/1173=3
 
预约/预借
| 序号 | 登录号 | 条形码 | 馆藏地/架位号 | 状态 | 备注 |
| 1 | 1303074 | 213030744 | 第一样本阅览室/ [索取号:F713.52/1173=3] | 在馆 | |
| 2 | 1303075 | 213030753 | 第一借阅区/ [索取号:F713.52/1173=3] | 在馆 | |
| 3 | 1303076 | 213030762 | 第一借阅区/ [索取号:F713.52/1173=3] | 在馆 | |
| 4 | 1303077 | 213030771 | 第一借阅区/ [索取号:F713.52/1173=3] | 在馆 |